Normale Ansicht MARC-Ansicht ISBD

"Verliehen für die Flucht vor den Fahnen" : (Titelsatznr. 29428)

[ MARC ]
MARC-Details
000 -Satzkennung
Kontrollfeld mit fester Länge 01177nam a22003491c 4500
001 - Kontrollnummer
Kontrollfeld a987692850
008 - Feld mit fester Länge zur physischen Beschreibung - Allgemeine Angaben
Kontrollfeld mit fester Länge 190826s2016 gw |||| 000u ger d
020 ## - Internationale Standardbuchnummer
Internationale Standardbuchnummer 9783835318236
Verknüpfung 978-3-8353-1823-6
041 ## - Sprachcode
Sprachcode des Textes/der Tonspur oder des separaten Titels ger
040 ## - Katalogisierungsquelle
Übertragungsstelle RU-10907106
003 - Kontrollnummer Identifier
Kontrollfeld RU-10907106
245 00 - Titel
Titel "Verliehen für die Flucht vor den Fahnen" :
Zusatz zum Titel Das Denkmal für die Verfolgten der NS-Militärjustiz in Wien /
Verfasserangabe etc. herausgegeben von Juliane Alton, Thomas Geldmacher, Magnus Koch, Hannes Metzler
250 ## - Ausgabebezeichnung
Ausgabebezeichnung 1. Auflage
264 ## - Produktion, Veröffentlichung, Distribution, Herstellung und Urheberrechtsvermerk
Herstellungs-, Veröffentlichungs- Vertriebs-, Erzeugungsort Göttingen :
Produzent, Herausgeber, Distributor, Hersteller Wallstein Verlag,
Datum der Herstellung, der Veröffentlichung, des Vertriebs oder des Urheberschutzvermerks 2016
300 ## - Physische Beschreibung
Umfang 275 Seiten
610 #0 - Nebeneintragung unter einem Schlagwort - Körperschaftsname
Körperschafts- oder Gebietskörperschaftsname als Eintragungselement Deutschland. Wehrmacht
650 #0 - Nebeneintragung unter einem Schlagwort - Sachschlagwort
Sachschlagwort oder geografischer Name als Eintragungselement Militärjustiz
650 #0 - Nebeneintragung unter einem Schlagwort - Sachschlagwort
Sachschlagwort oder geografischer Name als Eintragungselement Denkmal
650 #0 - Nebeneintragung unter einem Schlagwort - Sachschlagwort
Sachschlagwort oder geografischer Name als Eintragungselement verfolgter
650 #0 - Nebeneintragung unter einem Schlagwort - Sachschlagwort
Sachschlagwort oder geografischer Name als Eintragungselement Deserteur
650 #0 - Nebeneintragung unter einem Schlagwort - Sachschlagwort
Sachschlagwort oder geografischer Name als Eintragungselement Nationalsozialismus
650 #0 - Nebeneintragung unter einem Schlagwort - Sachschlagwort
Sachschlagwort oder geografischer Name als Eintragungselement Nationalsozialismus > Opfer
650 #0 - Nebeneintragung unter einem Schlagwort - Sachschlagwort
Sachschlagwort oder geografischer Name als Eintragungselement Vergangenheitsbewältigung
650 #0 - Nebeneintragung unter einem Schlagwort - Sachschlagwort
Sachschlagwort oder geografischer Name als Eintragungselement Kollektives Gedächtnis
651 #0 - Nebeneintragung unter einem Schlagwort - Geografischer Name
Geografischer Name Denkmal für die Verfolgten der NS-Militärjustiz (Wien)
651 #0 - Nebeneintragung unter einem Schlagwort - Geografischer Name
Geografischer Name Wien
700 1# - Nebeneintragung - Personenname
Personenname Alton, Juliane
Funktionsbezeichnung HerausgeberIn
700 1# - Nebeneintragung - Personenname
Personenname Geldmacher, Thomas
Funktionsbezeichnung HerausgeberIn
700 1# - Nebeneintragung - Personenname
Personenname Koch, Magnus
Funktionsbezeichnung HerausgeberIn
700 1# - Nebeneintragung - Personenname
Personenname Metzler, Hannes
Funktionsbezeichnung HerausgeberIn
942 ## - Zusätzliche Felder (Koha)
Koha-Medientyp Monographien
Exemplare
Ausgeschieden Verloren Klassifikation oder Aufstellungssystematik Beschädigt Nicht entleihbar Heimatbibliothek Aufenthaltsbibliothek Aufstellungsort Erwerbungsdatum Inventarnummer Signatur Barcode Letzte Aktivität Preis gültig von Koha-Medientyp
    Andere/Generische Klassifikation     MWN Osteuropa MWN Osteuropa Lesesaal - 1 26/08/2019 19-01613 W 66 E u Alt E0040108080FAEE3 23/02/2021 22/03/2021 Monographien